• 首页
  • 本馆介绍
  • 公告通知
  • 最新文献
  • 馆藏检索
  • 电子资源
  • 读者导购
  • 参考咨询
  • 我的图书馆
  • 登录
  • 详细信息显示
  • 放入我的书架
  • 预约/预借图书
  • 作者相关作品
  • 分类相关作品
  • 丛书相关作品
  • 出版社相关作品

书目信息

  • 表格格式
  • 工作单格式
  • 卡片格式
题名:
近代西学与中国文学
    
 
作者: 郭延礼 著
分册:  
出版信息: 南昌市   百花洲文艺出版社  1999
页数: 448页
开本: 32开
丛书名: 中华学术与中国文学研究丛书
单 册:
中图分类: I206.5
科图分类:
主题词: 近代文学--对比研究--中国、西方国家
电子资源:
ISBN: 7-80647-125-1
000 00737nam0 2200229 45
001 0112180909
005 20031219104051.9
010    @a7-80647-125-1@b精装@dCNY25.00
100    @a20011218d1999 km y0chiy0120 ea
101 0  @achi
105    @a z 000yy
200 1  @a近代西学与中国文学@AJin Dai Xi Xue Yu Zhong Guo Wen Xue@f郭延礼著@FGuoYan Li Zhu
210    @a南昌市@c百花洲文艺出版社@d1999
215    @a448页@d32开
225    @a中华学术与中国文学研究丛书@f张岱年主编
410    @12001 @a中华学术与中国文学研究丛书
410    @1700 0@a张岱年@AZhang Dai Nian@4主编
606 0  @a近代文学@x对比研究@y中国、西方国家
690    @aI206.5@v4
701    @a郭延礼@4著
801    @aCN@bTSTC@c20011218
905    @f5@b301565-569@dI206.5@e11
    
    近代西学与中国文学/郭延礼著.-南昌市:百花洲文艺出版社,1999
    448页;32开.-(中华学术与中国文学研究丛书/张岱年主编)
    
    
    ISBN 7-80647-125-1(精装):CNY25.00
    
●
相关链接 在E读中查询图书 在五车中查询图书 在当当中查询图书 在豆瓣中查询图书


正题名:近代西学与中国文学     索取号:I206.5/11         预约/预借

序号 登录号 条形码 馆藏地/架位号 状态 备注
1 0301565   203015655   第二借阅区/ [索取号:I206.5/11] 在馆    
2 0301566   203015664   第二借阅区/ [索取号:I206.5/11] 在馆    
3 0301567   203015673   第二借阅区/ [索取号:I206.5/11] 在馆    
4 0301568   203015682   第二借阅区/ [索取号:I206.5/11] 在馆    
5 0301569   203015691   第一样本阅览室/ [索取号:I206.5/11] 在馆    
唐山师范学院图书馆 欢迎您!
大连网信软件有限公司© 版权所有